| 000 | 00357nam a2200145Ia 4500 | ||
|---|---|---|---|
| 008 | 240624s9999 xx 000 0 und d | ||
| 041 | _aeng | ||
| 082 | _a658.4063 STO | ||
| 100 | _aSTOREY JOHN | ||
| 245 | _aMANAGEMENT OF INNOVATION | ||
| 260 |
_c2004 _aUnited Kingdom _bEdward Elgar |
||
| 300 | _axxxi, 734 p.; 25 cm. | ||
| 365 |
_cBPS _b30 |
||
| 440 | _v1 | ||
| 999 |
_c29437 _d29437 |
||